Verdaguer : Un poeta per a un poble / Ricard Torrents Un poeta per a un poble / Ricard Torrents
Descripción Física:
258 p. : il. ; 24 cm
Colección:
Estudis Verdaguerians ; 3
Materias:
Verdaguer, Jacint, -- 1845-1902
MARC
| LEADER | 00000nam a2200000Ia 4500 | ||
|---|---|---|---|
| 001 | 10875 | ||
| 008 | 160829s1995 xx 000 0 cat d | ||
| 080 | |a L-1-36 | ||
| 100 | |a Torrents, Ricard |9 25501 | ||
| 245 | |a Verdaguer : |b Un poeta per a un poble / Ricard Torrents | ||
| 260 | |a Vic : |b Eumo, |c 1995 | ||
| 300 | |a 258 p. : |b il. ; |c 24 cm | ||
| 490 | |a Estudis Verdaguerians ; 3 | ||
| 600 | 1 | 0 | |a Verdaguer, Jacint, |d 1845-1902 |9 28800 |
| 901 | |a Arxiu | ||
| 942 | |n 1 | ||
| 952 | |0 0 |1 0 |4 0 |6 L136 |7 1 |9 43649 |a Arxiu |b Arxiu |d 2016-12-01 |l 0 |o L-1-36 |p 10875 |r 2016-12-01 00:00:00 |w 2016-12-01 |y ARXIU | ||
| 999 | |c 46197 |d 46197 | ||